মুক্তিযুদ্ধের ইতিহাস ও সাধারণ জ্ঞান বাংলাদেশ / (Record no. 75691)
[ view plain ]
| 000 -LEADER | |
|---|---|
| fixed length control field | 01019nam a22002297a 4500 |
| 001 - CONTROL NUMBER | |
| control field | 75691 |
| 003 - CONTROL NUMBER IDENTIFIER | |
| rucl marc code | BD-RjUL |
| 005 - DATE AND TIME OF LATEST TRANSACTION | |
| control field | 20211209082728.0 |
| 008 - FIXED-LENGTH DATA ELEMENTS--GENERAL INFORMATION | |
| fixed length control field | 190520s2018 bg ||||| |||| 00| 0 ben d |
| 020 ## - INTERNATIONAL STANDARD BOOK NUMBER | |
| International Standard Book Number | 9789843443588 |
| 035 ## - SYSTEM CONTROL NUMBER | |
| System control number | (BD-RjUL)75910 |
| 040 ## - CATALOGING SOURCE | |
| Original cataloging agency | BD-RjUL |
| Language of cataloging | eng |
| Transcribing agency | BD-RjUL |
| 041 ## - LANGUAGE CODE | |
| Language code of text/sound track or separate title | eng |
| 082 ## - DEWEY DECIMAL CLASSIFICATION NUMBER | |
| Edition number | 23 |
| Classification number | 954.9205 |
| Author mark and year | MUK 2018 |
| 245 ## - TITLE STATEMENT | |
| Title | মুক্তিযুদ্ধের ইতিহাস ও সাধারণ জ্ঞান বাংলাদেশ / |
| Statement of responsibility, etc. | তথ্য সংগ্রহে ও সম্পাদনায় সুভাষ রঞ্জন দত্ত |
| 260 ## - PUBLICATION, DISTRIBUTION, ETC. (IMPRINT) | |
| Place of publication, distribution, etc. | নেত্রকোণা, বাংলাদেশ : |
| Name of publisher, distributor, etc. | স্মৃতি একাত্তর সাহিত্য পরিষদ, |
| Date of publication, distribution, etc. | ২০১৮ |
| 300 ## - PHYSICAL DESCRIPTION | |
| Pagination | ৫৪৩ পৃ. : |
| Illustrations | চিত্র ; |
| Size | ২২ সেমি. |
| 650 ## - SUBJECT ADDED ENTRY--TOPICAL TERM | |
| Topical term or geographic name as entry element | |
| 9 (RLIN) | 231784 |
| 651 ## - SUBJECT ADDED ENTRY--GEOGRAPHIC NAME | |
| Geographic name | Bangladesh |
| General subdivision | History |
| Chronological subdivision | Revolution, 1971 |
| 9 (RLIN) | 231785 |
| 700 ## - ADDED ENTRY--PERSONAL NAME | |
| Personal name | দত্ত, সুভাষ রঞ্জন |
| 942 ## - ADDED ENTRY ELEMENTS (KOHA) | |
| Source of classification or shelving scheme | Dewey Decimal Classification |
| Koha item type | Books |
| Lost status | Source of classification or shelving scheme | Damaged status | Not for loan | Permanent Location | Current Location | Shelving location | Date acquired | Source of acquisition | Cost, normal purchase price | Total Checkouts | Full call number | Date last seen | Copy number | Koha item type | Date checked out |
|---|---|---|---|---|---|---|---|---|---|---|---|---|---|---|---|
| Dewey Decimal Classification | Not For Loan | Central Library, University of Rajshahi | Central Library, University of Rajshahi | Reading Room | 19/05/2019 | Publisher | 600.00 | B 954.9205 MUK 2018 | 20/05/2019 | C-1 | Books | ||||
| Dewey Decimal Classification | Central Library, University of Rajshahi | Central Library, University of Rajshahi | 19/05/2019 | Publisher | 600.00 | 9 | B 954.9205 MUK 2018 | 02/12/2024 | C-2 | Books | 19/11/2024 | ||||
| Dewey Decimal Classification | Central Library, University of Rajshahi | Central Library, University of Rajshahi | 19/05/2019 | Publisher | 600.00 | 5 | B 954.9205 MUK 2018 | 01/03/2023 | C-3 | Books | 22/02/2023 |